00802nam a2200145Ia 4500008004100000100001700041245003900058260003200097300000800129942001200137999001500149952016400164952016400328952016400492191201s2019 xx 000 0 und d aSINGH, Sadhu 0aFluid Machinery Hydraulic Machines bKhanna PublisheraNew Delhi a466 2ddccBK c8189d8189 00102ddc40708Dip MEaPIETbPIETd2019-05-18eKIRTI PRAKASHAN, NEW DELHIg350.00kIN3913l0o621.26 SIFpDE1354r2019-12-04 00:00:00v255.50w2019-05-18yBK 00102ddc40708Dip MEaPIETbPIETd2019-05-18eKIRTI PRAKASHAN, NEW DELHIg350.00kIN3913l0o621.26 SIFpDE1355r2019-12-04 00:00:00v255.50w2019-05-18yBK 00102ddc40708Dip MEaPIETbPIETd2019-05-18eKIRTI PRAKASHAN, NEW DELHIg350.00kIN3913l0o621.26 SIFpDE1356r2019-12-04 00:00:00v255.50w2019-05-18yBK